000 00674nam a22001695i 4500
001 162199
003 ES-MaACL
005 20230906212442.0
008 041103s1876 sp |||| | spa d
040 _aCAM
_bspa
_cCAM
100 1 _aPiquet, Alfonso.
_9131180
245 1 0 _aDescripción geognóstica de las minas del Horcajo /
_cpor Alfonso Piquet.
260 _aMadrid :
_b[s.n.],
_c1876 (
_fImprenta y fundición de J. A. García)
300 _a10 p. ;
_c22 cm.
610 2 4 _aMinas del Horcajo (Ciudad Real)
_9134685
852 _aES-MaACL
_jT-902-F-8
_z-- Enc. hol. conservando la cub. original
_z-- Legado de Federico de Botella y de Hornos
_z-- Enc. en un vol. facticio
999 _c162199
_d162199